| 000 | 00891nam a2200253 a 4500 | ||
|---|---|---|---|
| 001 | 32263 | ||
| 003 | BD-RjUL | ||
| 005 | 20211209051817.0 | ||
| 008 | 140424s1957 ne 001 0 eng d | ||
| 035 | _a(BD-RjUL)32352 | ||
| 040 |
_aGZM _cGZM _dOCL _dBD-RjUL _beng |
||
| 041 | _aeng | ||
| 082 |
_a180 _bVOG 1957 |
||
| 100 | 1 |
_aVogel, C. J. De _q(Cornelia Johanna), _d1905-1986. _998158 |
|
| 245 | 1 | 0 |
_aGreek philosophy : _ba collection of texts with notes and explanations / _cby C. J. De Vogel |
| 250 | _a2nd ed | ||
| 260 |
_aLeiden : _bBrill, _c1957-1964 |
||
| 300 |
_a v. : _bill. ; _c25 cm |
||
| 504 | _aIncludes bibliographies and index | ||
| 505 | 0 | _aVol. 1. Thales to Plato.-- v.2. Aristotle, the early Peripatetic school and the early Academy.-- v.3. The Hellenistic-Roman period | |
| 650 | 0 |
_aGreek literature. _998159 |
|
| 650 | 0 |
_aPhilosophy, Ancient _998160 |
|
| 942 |
_2ddc _cBK |
||
| 999 |
_c32263 _d32263 |
||